Advances in the Dempster-Shafer theory of Evidence

Αποθηκεύτηκε σε:
Λεπτομέρειες βιβλιογραφικής εγγραφής
Άλλοι συγγραφείς: Yager, Ronald R., 1941- (Επιμελητής έκδοσης), Kacprzyk, Janusz (Επιμελητής έκδοσης), Fedrizzi, Mario 1949- (Επιμελητής έκδοσης)
Μορφή: Βιβλίο
Γλώσσα:English
Δημοσίευση: New York : John Wiley, 1994.
Θέματα:
Ετικέτες: Προσθήκη ετικέτας
Δεν υπάρχουν, Καταχωρήστε ετικέτα πρώτοι!

MARC

LEADER 00000cam a2200000 i 4500
001 1/50795
008 950922s1994 nyu ||| | eng||
020 |a 0471552488 
035 |a 1995  |c ΔΑΡΖΕΝΤΑΣ  |l 10043971 
040 |a GR-MyUA  |b gre  |e AACR2 
041 0 |a eng 
082 0 |a 006.3  
245 1 0 |a Advances in the Dempster-Shafer theory of Evidence /   |c Edited by Ronald R. Yager, Janusz Kacprzyk, Mario Fedrizzi.  
260 |a New York :   |b John Wiley,   |c 1994.  
300 |a 597 σ. ;   |c 25 εκ.  
504 |a Περιέχει βιβλιογραφικές παραπομπές και ευρετήριο.  
650 0 0 |a Neural networks (Computer science) 
650 0 0 |a Fuzzy systems. 
650 0 0 |a Artificial intelligence. 
700 1 |a Yager, Ronald R.,   |d 1941-  |e edt 
700 1 |a Kacprzyk, Janusz,  |e edt 
700 1 |a Fedrizzi, Mario  |d 1949-  |e edt 
852 |a INST  |b SAMOS  |e 19950922  |h 006.3 ADV  |p 005300004877  |q 005300004877  |t BK  |y 0 
909 |a Σ  |b 040733